000 00837 a2200217 4500
001 57007
005 20260407155833.0
008 260407a1985 arg spa d
003 AR-UNSa-BCEJYS
040 _aAR-UNSa-BCEJYS
_bspa
_cAR-UNSa-BCEJYS
080 _a304.4
_xAspectos generales de las políticas y prácticas sociales y culturales (política social)
245 1 0 _aInvirtiendo en la gente
_pla cualificación personal com motor económico
020 _a950-37-4198-8
264 1 _aBarcelona :
_bAriel
_c1985
300 _a155 p.
_c20 cm.
505 _a1. Donde la gente es pobre – 2. A medida que se incrementa el valor del tiempo humano – 3. Cuando prevalecen las distorsiones económicas
942 _cBK
590 _aniveau_biblio:m niveau_hierar:0
100 1 _aSchultz, Theodore W.
700 1 _aGuastavino, Marta I.
999 _c6095
_d6095